Loading...
| Science - Chemistry | 0 | 13 | 0 | 1 | 130 | 18 | 53.77 | 8 | 11 | 46.13 | 78.39 |
| Fine Arts - Painting and Sculpture | 0 | 12 | 0 | 0 | 120 | 21 | 43.50 | 3 | 10 | 53.27 | 74.27 |
| Science - Physics | 0 | 11 | 0 | 1 | 110 | 28 | 52.36 | 3 | 7 | 40.07 | 58.70 |
| Science - Biology | 0 | 7 | 4 | 0 | 50 | 10 | 39.71 | 4 | 5 | 30.91 | 41.35 |
| Science - Other | 0 | 6 | 3 | 0 | 45 | 12 | 53.67 | 2 | 5 | 23.93 | 36.40 |
| Fine Arts - Other | 0 | 4 | 0 | 0 | 40 | 39 | 62.00 | 3 | 4 | 12.99 | 27.38 |
| Literature - World | 0 | 2 | 0 | 0 | 20 | 73 | 75.50 | 1 | 1 | 4.97 | 10.44 |
| Religion | 0 | 2 | 1 | 0 | 15 | 66 | 70.00 | 1 | 2 | 5.67 | 13.10 |
| Social Science | 0 | 1 | 0 | 0 | 10 | 58 | 58.00 | 0 | 0 | 4.42 | 5.00 |
| Geography | 0 | 1 | 0 | 1 | 10 | 101 | 101.00 | 0 | 0 | 0.00 | 3.30 |
| History - American | 0 | 1 | 0 | 0 | 10 | 42 | 42.00 | 0 | 0 | 4.20 | 4.95 |
| History - Other | 0 | 1 | 0 | 0 | 10 | 72 | 72.00 | 0 | 0 | 2.05 | 2.38 |
| Philosophy | 0 | 1 | 0 | 0 | 10 | 60 | 60.00 | 0 | 0 | 3.80 | 5.59 |
| Popular Culture | 0 | 1 | 0 | 1 | 10 | 116 | 116.00 | 0 | 0 | 0.00 | 1.19 |